Human Diversity in Education: (Record no. 4712)

MARC details
000 -LEADER
fixed length control field 00559nam a22001697a 4500
008 - FIXED-LENGTH DATA ELEMENTS--GENERAL INFORMATION
fixed length control field 161125b xxu||||| |||| 00| 0 eng d
020 ## - INTERNATIONAL STANDARD BOOK NUMBER
International Standard Book Number 978-0-07-727997-4
082 ## - DEWEY DECIMAL CLASSIFICATION NUMBER
Classification number 371.19 CUS
100 ## - MAIN ENTRY--PERSONAL NAME
Personal name Cushner, Kenneth.-
245 ## - TITLE STATEMENT
Title Human Diversity in Education:
Remainder of title An Integrative Approach/
Statement of responsibility, etc. Kenneth Cushner, Everil McClelland, Philip Safford.-
Medium English.
250 ## - EDITION STATEMENT
Edition statement 6th Edition.-
260 ## - PUBLICATION, DISTRIBUTION, ETC. (IMPRINT)
Place of publication, distribution, etc. Florida:
Name of publisher, distributor, etc. McGraw Hill,
Date of publication, distribution, etc. 2006.
300 ## - PHYSICAL DESCRIPTION
Extent 471p.;
Other physical details Ill.;
Dimensions 26cm.-
440 ## - SERIES STATEMENT/ADDED ENTRY--TITLE
Title Florida Edition.-
650 ## - SUBJECT ADDED ENTRY--TOPICAL TERM
Source of heading or term Community - Schools Relations
942 ## - ADDED ENTRY ELEMENTS (KOHA)
Source of classification or shelving scheme Dewey Decimal Classification
Koha item type BOOKS

No items available.

IRDP © 2021 :: Managed by ICT Team